000 00588nam a2200217 a 4500
001 82630
003 BD-RjUL
005 20240116105516.0
008 240116s19581953enk 000 0 eng
035 _a(BD-RjUL)82630
040 _aDLC
_cCarP
_dDLC
_dBD-RjUL
_beng
041 _aeng
082 _223
_a823.91
_bGRF 1958
100 1 _aGraham, Winston.
_910855
245 1 0 _aFortune is a woman /
_cWinston Graham
260 _aLondon,
_bHodder and Stoughton
_c[1953]
300 _a255 p.
_c20 cm.
650 _aEnglish fiction
650 _aMan-woman relationships
_95240
942 _2ddc
_cBK
999 _c82630
_d82630